LIBRARY & INFORMATION CENTRE, KCAET, TAVANUR

ONLINE PUBLIC ACCESS CATALOGUE (OPAC)

Agricultural insect pests of the tropics and their control / (Record no. 2823)

MARC details
000 -LEADER
fixed length control field 00502cam a2200181ua 4500
020 ## - INTERNATIONAL STANDARD BOOK NUMBER
ISBN 81 85618 18 6
041 ## - LANGUAGE CODE
Language code of text/sound track or separate title eng
082 ## - DEWEY DECIMAL CLASSIFICATION NUMBER
Classification number 632.7
Item number HIL/AG
100 ## - MAIN ENTRY--AUTHOR NAME
Personal name Hill, Dennis S .
245 ## - TITLE STATEMENT
Title Agricultural insect pests of the tropics and their control /
250 ## - EDITION STATEMENT
Edition statement 2 /
260 ## - PUBLICATION, DISTRIBUTION, ETC. (IMPRINT)
Place of publication Cambridge :
Name of publisher Cambridge University Press ,
Year of publication 1993.
300 ## - PHYSICAL DESCRIPTION
Number of Pages 746 ; .
942 ## - ADDED ENTRY ELEMENTS (KOHA)
Koha item type Books
Holdings
Withdrawn status Lost status Damaged status Home library Current library Date acquired Full call number Accession Number Koha item type
      KAUAET KAUAET 07/04/2012 632.7 20390 Books
free website counter